=LDR 00000nam 2200000 4500 =001 INLIS000000000002570 =005 20130612090909 =008 ***********************************Ind** =035 ##$$0010-061300000002570 =041 ##$$a Ind =082 ##$$a 616.075 =090 ##$$a 616.075, Sid p =100 ##$$a Sidharta, Priguna =245 ##$$a Pemeriksaan klinis umum, Priguna Sidharta =260 ##$$a 1989 $b Jakarta =300 ##$$a 168 hlm, ilus, 21 cm =650 ##$$a Diagnosis =850 ##$$a NBPNMAT